000 00609 a2200193 4500
020 _a0805360476
040 _aDLC
_bDLC
082 0 0 _a005.74
100 1 _aMcFadden, Fred R.,
245 1 0 _aModern database management
_cFred R. McFadden, Jeffrey A. Hoffer.
250 _a4th ed.
260 _aRedwood City, Calif. :
_bBenjamin/Cummings,
_cc1994.
300 _axxv, 597 p. :
_bill. (some col.) ;
_c29 cm.
500 _aRev. ed. of: Database management. 3rd ed. c1991.
650 0 _aDatabase management.
700 1 _aHoffer, Jeffrey A.
700 1 _aMcFadden, Fred R.,
_d1933-
942 _cBK
_k005.74 MCF
_2ddc
999 _c6922
_d6922